[Event "Titled Tuesday intern op 16th June"]
[Site "Chess.com INT"]
[Date "2020.06.16"]
[Round "4"]
[White "Murzin, Volodar"]
[Black "Grischuk, Alexander"]
[Result "1/2-1/2"]
[WhiteElo "2465"]
[BlackElo "2777"]
[PlyCount "122"]
[EventDate "2020.06.16"]
[EventType "swiss (blitz)"]
[EventRounds "10"]
[EventCountry "USA"]
[SourceTitle "EXT 2021"]
[Source "ChessBase"]
[SourceDate "2020.10.23"]
[SourceVersion "1"]
[SourceVersionDate "2020.10.23"]
[SourceQuality "1"]

1. e4 c5 2. Nf3 d6 3. Bb5+ Nd7 4. O-O a6 5. Bd3 Ngf6 6. c3 g6 7. Bc2 Bg7 8. d4
O-O 9. Qe2 b5 10. e5 Ne8 11. e6 fxe6 12. Ng5 Nc7 13. Nxe6 Nxe6 14. Qxe6+ Kh8
15. Re1 cxd4 16. Qxe7 Bb7 17. Qxd8 Raxd8 18. Rd1 Rde8 19. Bd3 Nc5 20. Bf1 Ne4
21. f3 dxc3 22. bxc3 Nxc3 23. Nxc3 Bxc3 24. Rb1 d5 25. Ba3 Rf7 26. Rb3 d4 27.
Bc5 Rc7 28. Bxd4+ Bxd4+ 29. Rxd4 Re1 30. Kf2 Ra1 31. Rb2 Kg7 32. Be2 Bc8 33.
Rbd2 Be6 34. Rd6 Rxa2 35. Rxa2 Bxa2 36. Rxa6 Rc2 37. Ke3 Bc4 38. Bxc4 bxc4 39.
g4 Rxh2 40. Rc6 Rc2 41. f4 c3 42. g5 Rc1 43. Kd3 Rf1 44. Ke4 Rc1 45. Ke5 Re1+
46. Kd4 Rd1+ 47. Ke5 Re1+ 48. Kd4 Rf1 49. Rc7+ Kg8 50. Ke5 Kf8 51. Rxc3 Ra1 52.
Rc7 Kg8 53. Ke6 Ra6+ 54. Ke5 Ra5+ 55. Ke4 Ra4+ 56. Kf3 Ra6 57. Kg4 Rb6 58. Rd7
Ra6 59. Rc7 Rb6 60. Rc8+ Kg7 61. Rc7+ Kg8 1/2-1/2

[Event "Titled Tuesday intern op 16th June"]
[Site "Chess.com INT"]
[Date "2020.06.16"]
[Round "5"]
[White "Grischuk, Alexander"]
[Black "Balakrishnan, Praveen"]
[Result "1/2-1/2"]
[WhiteElo "2777"]
[BlackElo "2498"]
[PlyCount "119"]
[EventDate "2020.06.16"]
[EventType "swiss (blitz)"]
[EventRounds "10"]
[EventCountry "USA"]
[SourceTitle "EXT 2021"]
[Source "ChessBase"]
[SourceDate "2020.10.23"]
[SourceVersion "1"]
[SourceVersionDate "2020.10.23"]
[SourceQuality "1"]

1. Nf3 d5 2. d4 Nf6 3. c4 e6 4. Nc3 Be7 5. Bf4 O-O 6. e3 b6 7. Bd3 dxc4 8. Bxc4
Ba6 9. Qe2 Bxc4 10. Qxc4 c5 11. dxc5 bxc5 12. Ne5 Qc8 13. O-O Nc6 14. Rfd1 Nxe5
15. Bxe5 Rd8 16. Rxd8+ Bxd8 17. Rd1 Be7 18. Ne4 Nd5 19. Nc3 Nf6 20. h3 h6 21.
b3 Qc6 22. Qb5 Qb6 23. a4 Rc8 24. Qxb6 axb6 25. Nb5 c4 26. Rc1 Nd7 27. Bb2 Nc5
28. Rxc4 Rd8 29. Bd4 Nxb3 30. Bxb6 Rd1+ 31. Kh2 Nd2 32. Rc8+ Kh7 33. g3 e5 34.
e4 Nxe4 35. Rc7 Bd8 36. Rb7 Bxb6 37. Rxb6 Nxf2 38. Nd6 e4 39. Nxf7 e3 40. Re6
Rd2 41. Kg2 Nd1+ 42. Kf1 Rf2+ 43. Ke1 Rxf7 44. Kxd1 Ra7 45. Re4 Kg6 46. Ke2 Kf5
47. Kxe3 Rb7 48. g4+ Kg5 49. Re5+ Kh4 50. Rh5+ Kg3 51. a5 Ra7 52. Ke4 g5 53.
Rxh6 Rxa5 54. Rh5 Rb5 55. Kd4 Ra5 56. Ke4 Rb5 57. Rh8 Ra5 58. Rh7 Rb5 59. Rh6
Ra5 60. Rh5 1/2-1/2

[Event "Titled Tuesday intern op 16th June"]
[Site "Chess.com INT"]
[Date "2020.06.16"]
[Round "6"]
[White "Grischuk, Alexander"]
[Black "Socko, Bartosz"]
[Result "0-1"]
[WhiteElo "2777"]
[BlackElo "2609"]
[PlyCount "150"]
[EventDate "2020.06.16"]
[EventType "swiss (blitz)"]
[EventRounds "10"]
[EventCountry "USA"]
[SourceTitle "EXT 2021"]
[Source "ChessBase"]
[SourceDate "2020.10.23"]
[SourceVersion "1"]
[SourceVersionDate "2020.10.23"]
[SourceQuality "1"]

1. Nf3 Nf6 2. c4 g6 3. Nc3 Bg7 4. e4 d6 5. d4 Bg4 6. Be3 O-O 7. Be2 Nfd7 8. Rc1
c5 9. d5 Na6 10. O-O Nc7 11. a4 a6 12. a5 Rb8 13. Ra1 b5 14. axb6 Rxb6 15. Ra2
Qb8 16. Qc2 Rb4 17. Nd1 Qb7 18. Bd2 Rb3 19. Ba5 Rb8 20. Re1 Bxf3 21. Bxf3 Ne8
22. Bg4 Bd4 23. Bxd7 Qxd7 24. Bc3 Qb7 25. Qd2 Bxc3 26. bxc3 Rb1 27. f3 Qb3 28.
Rxa6 Qxc4 29. Ra7 R8b7 30. Rxb7 Rxb7 31. Ne3 Qb3 32. Ra1 Nf6 33. h3 h5 34. Kh2
Kg7 35. Qd3 Nd7 36. Nc4 Ne5 37. Nxe5 dxe5 38. d6 exd6 39. Ra6 Rb6 40. Ra7 Qe6
41. Qd2 Qf6 42. Rd7 Qf4+ 43. Qxf4 exf4 44. h4 Kf6 45. Rc7 Rb3 46. g3 fxg3+ 47.
Kxg3 Rxc3 48. Kf4 Rd3 49. Rc6 Ke6 50. Kg3 Ke5 51. Rc7 Ke6 52. Rc6 Rd1 53. Kf4
Rd2 54. Ke3 Rh2 55. f4 Rh3+ 56. Kf2 Rxh4 57. Kg3 Rg4+ 58. Kf3 Rg1 59. e5 Rd1
60. exd6 Rxd6 61. Rxc5 Kf6 62. Ra5 Rd3+ 63. Ke4 Rb3 64. Ra6+ Kg7 65. Ra5 Rb4+
66. Ke5 Rb3 67. f5 Rf3 68. fxg6 fxg6 69. Ke4 Rf7 70. Ke3 Kh6 71. Ra8 h4 72.
Rh8+ Kg5 73. Rg8 Kh5 74. Ke4 g5 75. Rg7 Rxg7 0-1

[Event "Titled Tuesday intern op 16th June"]
[Site "Chess.com INT"]
[Date "2020.06.16"]
[Round "7"]
[White "Diaz Perez, Michel Alejandro"]
[Black "Grischuk, Alexander"]
[Result "0-1"]
[WhiteElo "2459"]
[BlackElo "2777"]
[PlyCount "70"]
[EventDate "2020.06.16"]
[EventType "swiss (blitz)"]
[EventRounds "10"]
[EventCountry "USA"]
[SourceTitle "EXT 2021"]
[Source "ChessBase"]
[SourceDate "2020.10.23"]
[SourceVersion "1"]
[SourceVersionDate "2020.10.23"]
[SourceQuality "1"]

1. d4 Nf6 2. c4 g6 3. Nc3 Bg7 4. e4 d6 5. Be2 O-O 6. Bg5 Na6 7. Qd2 e5 8. d5
Nc5 9. f3 a5 10. Bd1 c6 11. Nge2 cxd5 12. cxd5 Bd7 13. Ng3 b5 14. Be2 Qb6 15.
Be3 h5 16. O-O h4 17. Nh1 Nh5 18. Rfc1 Rac8 19. Nf2 f5 20. Nd3 Nf4 21. Nxc5
dxc5 22. Bf1 Qb8 23. Ne2 fxe4 24. fxe4 c4 25. Nxf4 exf4 26. Bf2 Qe5 27. Rab1 h3
28. gxh3 Qxe4 29. Re1 Qf5 30. Qxa5 Qxd5 31. Rbd1 Qg5+ 32. Bg3 Bc6 33. h4 Qg4
34. Be2 f3 35. Qa7 fxe2 0-1

[Event "Titled Tuesday intern op 16th June"]
[Site "Chess.com INT"]
[Date "2020.06.16"]
[Round "8"]
[White "Grischuk, Alexander"]
[Black "Stoleriu, George"]
[Result "1-0"]
[WhiteElo "2777"]
[BlackElo "2349"]
[PlyCount "113"]
[EventDate "2020.06.16"]
[EventType "swiss (blitz)"]
[EventRounds "10"]
[EventCountry "USA"]
[SourceTitle "EXT 2021"]
[Source "ChessBase"]
[SourceDate "2020.10.23"]
[SourceVersion "1"]
[SourceVersionDate "2020.10.23"]
[SourceQuality "1"]

1. Nf3 Nf6 2. c4 e6 3. Nc3 Bb4 4. g4 h6 5. Qc2 b6 6. a3 Bxc3 7. Qxc3 Bb7 8. Rg1
Qe7 9. b3 d6 10. Bb2 Nbd7 11. h4 e5 12. g5 hxg5 13. hxg5 Ne4 14. Qe3 Nec5 15.
d4 exd4 16. Qxe7+ Kxe7 17. Nxd4 g6 18. O-O-O Rh2 19. f3 a6 20. Rg3 Rah8 21. b4
Na4 22. Ba1 R8h4 23. Kc2 c5 24. Kb3 cxd4 25. Kxa4 Ne5 26. Kb3 Rh1 27. Bxd4 Rxf1
28. Rxf1 Rxd4 29. Rc1 Bc8 30. e3 Rd3+ 31. Rc3 Rxc3+ 32. Kxc3 Be6 33. a4 Nxc4
34. e4 a5 35. f4 Na3 36. Re3 Nc4 37. Re1 Na3 38. Re2 Bc4 39. Rf2 d5 40. bxa5
bxa5 41. Kb2 dxe4 42. Kxa3 e3 43. Rf3 e2 44. Re3+ Kd6 45. Kb2 Kc5 46. Kc3 Ba6
47. Re5+ Kd6 48. Kd2 Bc4 49. Rxa5 Ke6 50. Re5+ Kd6 51. Rxe2 Bxe2 52. Kxe2 Kc5
53. Kd3 Kb4 54. Kd4 Kxa4 55. Ke5 Kb5 56. Kf6 Kc5 57. Kxf7 1-0

[Event "Titled Tuesday intern op 16th June"]
[Site "Chess.com INT"]
[Date "2020.06.16"]
[Round "9"]
[White "Grischuk, Alexander"]
[Black "Bartel, Mateusz"]
[Result "1-0"]
[WhiteElo "2777"]
[BlackElo "2648"]
[PlyCount "91"]
[EventDate "2020.06.16"]
[EventType "swiss (blitz)"]
[EventRounds "10"]
[EventCountry "USA"]
[SourceTitle "EXT 2021"]
[Source "ChessBase"]
[SourceDate "2020.10.23"]
[SourceVersion "1"]
[SourceVersionDate "2020.10.23"]
[SourceQuality "1"]

1. Nf3 d5 2. d4 Nf6 3. c4 c6 4. e3 Bf5 5. Nc3 e6 6. Nh4 Be4 7. f3 Bg6 8. Qb3
Qc7 9. Bd2 Be7 10. cxd5 cxd5 11. Nxg6 hxg6 12. O-O-O a6 13. Kb1 Nc6 14. Rc1 Nd7
15. Bd3 Qb6 16. Qd1 Qa7 17. Ne2 O-O-O 18. Ba5 Rde8 19. Qb3 Bd8 20. Bd2 Bc7 21.
e4 Qb6 22. Qa4 Kb8 23. Bxa6 Qxa6 24. Qxa6 bxa6 25. Rxc6 Kb7 26. Rhc1 Bxh2 27.
e5 Rc8 28. Rxc8 Rxc8 29. Rh1 Bxe5 30. dxe5 Nxe5 31. Bc3 Nc4 32. Bxg7 Ne3 33. g4
Rc2 34. Re1 Ng2 35. Kxc2 Nxe1+ 36. Kc3 Nxf3 37. Nd4 Ng5 38. Kd3 Ne4 39. Ke3 Nd6
40. b3 Kc8 41. Bf6 Ne8 42. g5 Kd7 43. Nf3 Kd6 44. Kd4 Nxf6 45. gxf6 g5 46. Ne5
1-0

[Event "Chessable Masters GpA"]
[Site "chess24.com INT"]
[Date "2020.06.22"]
[Round "10"]
[White "Grischuk, Alexander"]
[Black "Harikrishna, Pentala"]
[Result "1-0"]
[WhiteElo "2777"]
[BlackElo "2719"]
[Annotator "Edouard,R"]
[PlyCount "59"]
[EventDate "2020.06.20"]
[EventType "tourn (rapid)"]
[EventRounds "10"]
[EventCountry "GER"]
[EventCategory "21"]
[SourceTitle "CBM 197"]
[Source "ChessBase"]
[SourceDate "2020.07.27"]
[SourceVersion "1"]
[SourceVersionDate "2020.07.27"]
[SourceQuality "1"]

{[%evp 0,59,25,25,30,3,3,3,38,15,36,27,84,121,140,130,130,130,133,114,117,112,
119,95,95,101,93,79,104,82,117,79,79,86,92,73,100,25,148,148,146,80,104,74,74,
42,38,35,20,48,77,77,117,93,144,159,223,99,178,439,506,506]} 1. d4 Nf6 2. c4 e6
3. Nf3 c5 4. d5 exd5 5. cxd5 g6 6. Nc3 Bg7 7. e4 O-O (7... d6 8. h3 O-O 9. Bd3
b5 $1 {is the main line.}) 8. Bd3 Re8 9. O-O d6 10. h3 {Black did not get
anything out of postponning ...d6.} c4 $6 {This move has never been played in
a high level game - and it doesn't seem like a good one.} 11. Bxc4 ({In case of
} 11. Bc2 $5 {Black usually continues in the same spirit with} b5 {and after}
12. Nxb5 Nxe4 13. Bxe4 $1 Rxe4 14. Bg5 $1 {it seems to me like Black faces
even more difficulties than in the game:} Qb6 15. a4 $1 a6 16. Nd2 $1 $18)
11... Nxe4 12. Nxe4 Rxe4 13. Bd3 $5 {I'm not sure this is the most precise
move.} ({I do not think Black can equalize after the usual} 13. Bg5 {either:}
Bf6 (13... Qb6 14. Nd2 Re5 15. Bf4 Rf5 16. Be3 Qxb2 17. Rb1 Qf6 18. Ne4 Qd8 19.
f4 Rh5 20. Qf3 Nd7 21. g4 Rh4 22. Nxd6 Nb6 23. Nxf7 $1 $18 {1-0 (34) Prohaszka,
P (2572)-Szuk,B (2392) HUN 2013}) (13... Qf8 14. Qc2 Re8 15. Rae1 Bf5 16. Qd1
$1 Nd7 17. Nd4 $16 {1-0 (28) Mamedyarov,S (2726)-Pantsulaia,L (2581) Tbilisi
2012}) (13... f6 14. Bd3 Re8 15. Bf4 $14) 14. Qc2 Re8 15. Bxf6 $1 Qxf6 16. Rfe1
$14) 13... Re8 14. Bg5 Bf6 ({After the critical} 14... Qa5 {is is not easy for
White to find an advantage:} 15. Re1 $1 Bd7 $8 (15... Rxe1+ 16. Qxe1 Qxe1+ 17.
Rxe1 Bd7 18. Bf4 $16) 16. Rxe8+ (16. Qb3 Na6 $1 $13) 16... Bxe8 17. Qb3 $5 $146
(17. Qe1 Qxe1+ 18. Rxe1 Nd7 $11 {1/2-1/2 (32) Batchuluun,T (2507)-Nguyen,N 
(2631) PHI 2013}) 17... Qb6 (17... Nd7 18. Qxb7 Rb8 19. Qc6 Bxb2 20. Rb1 Qxa2
21. Re1 $44) 18. Qxb6 axb6 19. Bf4 Bxb2 20. Re1 Ba4 {and Black should be fine.
No idea what Grischuk had in mind, as this is relatively known.}) 15. Qa4 $1 {
Just a bad line for Black.} Bxg5 (15... Nd7 {is no fun for Black either:} 16.
Qh4 Bxg5 17. Nxg5 Nf6 (17... Nf8 18. Rae1 Rxe1 19. Rxe1 Bd7 20. Qf4 $16 {
1-0 (43) Khalifman,A (2619)-Maslak,K (2539) Moscow 2007}) 18. f4 Nh5 19. f5 $1
Re5 20. Rae1 Rxe1 21. Rxe1 h6 22. Nf3 Qxh4 23. Nxh4 g5 24. Re8+ Kg7 25. Nf3 Nf6
26. Rd8 b6 27. Rxd6 Bb7 28. Bc4 Rc8 29. b3 (29. Ne5 $1 $146) 29... Rc5 30. Ne5
Bxd5 $11 {1-0 (53) Stachowiak,K (2440)-Simacek,P (2454) CZE 2015}) 16. Nxg5 Re5
17. f4 $1 Rxd5 (17... Re3 18. Rae1 $16) 18. Qc4 $1 (18. Bc4 $2 {would allow} b5
$1 $15) 18... Rxg5 19. fxg5 Be6 20. Qf4 Nc6 21. Rf2 $5 ({Another convincing
game went:} 21. Rad1 $5 Bxa2 22. Be4 Qb6+ 23. Rf2 Nd4 24. Kh2 Rf8 25. Bxg6 hxg6
26. Rxd4 Rd8 27. Qf6 d5 28. Qxf7+ {1-0 (28) Salgado Allaria,C (2205)-Musat,A 
(2275) Bucharest 1993}) 21... Ne5 22. Bf1 Qb6 23. Kh2 Rc8 24. b3 Rc3 25. Rd1
Qc7 26. Kg1 a5 27. Qd4 d5 $6 (27... Rc6 $16) 28. Qf4 $6 (28. Bc4 $1 $18) 28...
b6 $2 (28... Nd7 {was the only move to stay in the game, but that should be an
easy win for White.}) 29. Re1 Nd7 30. Rxe6 $1 {Nice finish!} (30. Rxe6 fxe6 (
30... Qxf4 31. Re8+ $18) 31. Qf7+ Kh8 32. Qe8+ Kg7 33. Rf7#) 1-0

[Event "Chessable Masters Final"]
[Site "chess24.com INT"]
[Date "2020.06.26"]
[Round "1.13"]
[White "Grischuk, Alexander"]
[Black "Giri, Anish"]
[Result "1/2-1/2"]
[WhiteElo "2777"]
[BlackElo "2764"]
[PlyCount "84"]
[EventDate "2020.06.25"]
[EventType "k.o. (rapid)"]
[EventRounds "3"]
[EventCountry "GER"]
[SourceTitle "CBM 197"]
[Source "ChessBase"]
[SourceDate "2020.07.27"]
[SourceVersion "1"]
[SourceVersionDate "2020.07.27"]
[SourceQuality "1"]

1. c4 e5 2. d3 Bb4+ 3. Nd2 c5 4. g3 Nc6 5. Bg2 Nge7 6. Ngf3 O-O 7. O-O d6 8.
Nb3 Na5 9. Nfd2 Bxd2 10. Nxd2 Nac6 11. b3 Be6 12. Bb2 Qd7 13. Ne4 b6 14. Ng5
Bg4 15. h3 Bh5 16. g4 Bg6 17. f4 f6 18. Nf3 exf4 19. Qd2 Qe6 20. Nh4 Qe3+ 21.
Qxe3 fxe3 22. Rf3 Bf7 23. Rxe3 d5 24. Nf5 Nxf5 25. gxf5 Rad8 26. Kf2 Rd7 27.
Rf1 Rc8 28. Rg3 Kf8 29. Rg1 Ne7 30. Rf3 dxc4 31. bxc4 a6 32. a4 b5 33. axb5
axb5 34. cxb5 Rb7 35. Rc1 Rxb5 36. Ba3 Ke8 37. Rf4 Ra5 38. Bb2 c4 39. dxc4 Rac5
40. Ba3 Rxc4 41. Rcxc4 Rxc4 42. Rxc4 Bxc4 1/2-1/2

[Event "Chessable Masters Final"]
[Site "chess24.com INT"]
[Date "2020.06.26"]
[Round "1.17"]
[White "Grischuk, Alexander"]
[Black "Giri, Anish"]
[Result "1/2-1/2"]
[WhiteElo "2777"]
[BlackElo "2764"]
[PlyCount "199"]
[EventDate "2020.06.25"]
[EventType "k.o. (rapid)"]
[EventRounds "3"]
[EventCountry "GER"]
[SourceTitle "CBM 197"]
[Source "ChessBase"]
[SourceDate "2020.07.27"]
[SourceVersion "1"]
[SourceVersionDate "2020.07.27"]
[SourceQuality "1"]

1. c4 e5 2. d3 Bb4+ 3. Nd2 c5 4. g3 Nc6 5. Bg2 Nge7 6. Ngf3 O-O 7. O-O Ba5 8.
Ne4 d6 9. Bd2 Bxd2 10. Nfxd2 b6 11. Nc3 Be6 12. Nd5 Rc8 13. a3 Qd7 14. b4 cxb4
15. Nxb4 d5 16. Rc1 Nxb4 17. axb4 Rfd8 18. Qe1 f6 19. h4 Bh3 20. Ra1 Bxg2 21.
Kxg2 dxc4 22. Nxc4 e4 23. Rd1 exd3 24. exd3 Nf5 25. Kh2 Nd4 26. Qe4 Re8 27. Qg2
Re2 28. Rfe1 Rce8 29. Rxe2 Rxe2 30. Ne3 h5 31. Kg1 Rb2 32. Ra1 Kh7 33. Qe4+ f5
34. Qd5 Qxd5 35. Nxd5 Nc6 36. Nf4 Rxb4 37. Rc1 Nd4 38. Rc7 Kh6 39. Rc8 Kh7 40.
Rc7 Kh6 41. Rxa7 Nf3+ 42. Kg2 Nxh4+ 43. Kf1 Ng6 44. Ne6 f4 45. Kg2 fxg3 46.
fxg3 h4 47. gxh4 Nf4+ 48. Nxf4 Rxf4 49. Re7 Rxh4 50. Kf3 Rd4 51. Ke3 Rd8 52. d4
Kg6 53. Ke4 Kf6 54. Rb7 Rd6 55. d5 g5 56. Rh7 Rd8 57. Rh6+ Ke7 58. Rxb6 Kd7 59.
Rg6 Re8+ 60. Kd4 Re1 61. Rg7+ Kd6 62. Rg6+ Kd7 63. Rxg5 Rd1+ 64. Ke5 Re1+ 65.
Kd4 Rd1+ 66. Kc5 Rc1+ 67. Kb5 Rd1 68. Rg6 Rxd5+ 69. Kc4 Rd6 70. Rg7+ Kc6 71.
Rg4 Re6 72. Kc3 Kd6 73. Rd4+ Ke5 74. Ra4 Rd6 75. Kc4 Rd5 76. Kc3 Rc5+ 77. Kd3
Rd5+ 78. Ke3 Kf5 79. Rf4+ Ke6 80. Rf8 Re5+ 81. Kf4 Rd5 82. Re8+ Kd7 83. Ke4 Rd6
84. Ra8 Re6+ 85. Kf5 Rc6 86. Ra7+ Rc7 87. Ra5 Kd6 88. Re5 Rc6 89. Re6+ Kd5 90.
Re3 Kd6 91. Kf4 Rc4+ 92. Kf3 Rc5 93. Rd3+ Rd5 94. Ra3 Ke5 95. Ra6 Rd4 96. Ra3
Rd5 97. Re3+ Kd6 98. Re2 Re5 99. Kf2 Rxe2+ 100. Kxe2 1/2-1/2

[Event "Titled Tuesday intern op 30th June"]
[Site "Chess.com INT"]
[Date "2020.06.30"]
[Round "1"]
[White "Grischuk, Alexander"]
[Black "Vetokhin, Savva"]
[Result "1/2-1/2"]
[WhiteElo "2777"]
[BlackElo "2349"]
[PlyCount "203"]
[EventDate "2020.06.30"]
[EventType "swiss (blitz)"]
[EventRounds "10"]
[EventCountry "USA"]
[SourceTitle "CBM 197 Extra"]
[Source "ChessBase"]
[SourceDate "2020.09.30"]
[SourceVersion "1"]
[SourceVersionDate "2020.09.30"]
[SourceQuality "1"]

1. Nf3 Nf6 2. g3 e6 3. Bg2 d5 4. O-O Be7 5. c4 O-O 6. b3 c5 7. cxd5 Nxd5 8. Bb2
Nc6 9. Nc3 Bf6 10. Qc1 Nxc3 11. dxc3 Qc7 12. Ng5 h6 13. Ne4 Be7 14. c4 b6 15.
Qf4 Qxf4 16. gxf4 Bb7 17. Rfd1 Rad8 18. e3 f5 19. Ng3 Na5 20. Be5 Bxg2 21. Kxg2
Rxd1 22. Rxd1 Rd8 23. Rxd8+ Bxd8 24. Ne2 Nc6 25. Nc3 a6 26. Kf3 Kf7 27. h3
Nxe5+ 28. fxe5 Bc7 29. Na4 Bxe5 30. Nxb6 Bd6 31. e4 Kf6 32. Nd7+ Ke7 33. Nb6
Kf6 34. exf5 Kxf5 35. Nc8 Bf8 36. Na7 g5 37. Nc6 h5 38. a3 g4+ 39. hxg4+ hxg4+
40. Ke3 Bd6 41. b4 cxb4 42. axb4 g3 43. fxg3 Bxg3 44. c5 Bc7 45. Kd3 Kf4 46.
Nd4 Ke5 47. Kc4 Kf6 48. b5 axb5+ 49. Nxb5 Bb8 50. c6 e5 51. Kd5 e4 52. Kxe4 Ke7
53. Kd5 Kd8 54. Kc5 Kc8 55. Kb6 Bf4 56. Kc5 Be3+ 57. Kd5 Bf4 58. Nd4 Bg3 59.
Ne6 Kb8 60. Kc5 Kc8 61. Kb6 Kb8 62. Kb5 Kc8 63. Ng7 Kb8 64. Nf5 Bf4 65. Nd4 Bg3
66. Kc4 Bf4 67. Kd5 Kc8 68. Nb5 Bg3 69. Ke6 Bf4 70. Kf5 Bg3 71. Ke4 Bh2 72. Kd4
Bg3 73. Kc5 Bf4 74. Nc3 Bg3 75. Kb5 Bf4 76. Nd5 Bg3 77. Kb6 Bh2 78. Ne7+ Kd8
79. Nf5 Kc8 80. Ng7 Bf4 81. Ne6 Bg3 82. Ng5 Bh2 83. Nf3 Bg3 84. Kb5 Bf4 85. Nd4
Bg3 86. Nb3 Bf4 87. Kb6 Bg3 88. Na5 Bf2+ 89. Kb5 Bg3 90. Nc4 Bf4 91. Nb6+ Kd8
92. Nd5 Bg3 93. Kb6 Kc8 94. Ne7+ Kd8 95. Nf5 Bh2 96. Kb7 Bf4 97. Nd4 Bh2 98.
Ne6+ Ke7 99. Nc7 Kd8 100. Nd5 Bg3 101. Ne3 Bh2 102. Nf5 1/2-1/2

[Event "Titled Tuesday intern op 30th June"]
[Site "Chess.com INT"]
[Date "2020.06.30"]
[Round "2"]
[White "Castillo Pena, Patricia Evarista"]
[Black "Grischuk, Alexander"]
[Result "0-1"]
[WhiteElo "1770"]
[BlackElo "2777"]
[PlyCount "92"]
[EventDate "2020.06.30"]
[EventType "swiss (blitz)"]
[EventRounds "10"]
[EventCountry "USA"]
[SourceTitle "CBM 197 Extra"]
[Source "ChessBase"]
[SourceDate "2020.09.30"]
[SourceVersion "1"]
[SourceVersionDate "2020.09.30"]
[SourceQuality "1"]

1. d4 Nf6 2. Nf3 g6 3. Nc3 d5 4. Bf4 Bg7 5. e3 O-O 6. Be2 c5 7. Ne5 cxd4 8.
exd4 Nc6 9. O-O Bf5 10. g4 Be6 11. Bf3 Rc8 12. Qd2 Ne4 13. Bxe4 dxe4 14. Nxc6
Rxc6 15. d5 Bxc3 16. bxc3 Qxd5 17. h3 Qxd2 18. Bxd2 b6 19. Rfe1 f5 20. g5 Rd8
21. Be3 Rxc3 22. Rac1 Bxa2 23. Rcd1 Bd5 24. Ra1 Rd7 25. Re2 Kf7 26. Rd2 e6 27.
Kh2 Ke7 28. Bd4 Rc6 29. Bf6+ Kd6 30. c3 a5 31. Rb2 Kc7 32. Rbb1 Bc4 33. Rd1 Rd5
34. Rd4 Rxd4 35. cxd4 Bd5 36. Rd1 Rc2 37. Be5+ Kc6 38. Kg3 a4 39. Bf6 a3 40.
Kf4 a2 41. Ra1 Rb2 42. Ke5 Rb1 43. Rxa2 Bxa2 44. Be7 Bd5 45. Kf6 Rh1 46. Kg7
Rxh3 0-1

[Event "Titled Tuesday intern op 30th June"]
[Site "Chess.com INT"]
[Date "2020.06.30"]
[Round "3"]
[White "Grischuk, Alexander"]
[Black "Hamley, Ryan"]
[Result "1-0"]
[WhiteElo "2777"]
[BlackElo "2089"]
[PlyCount "83"]
[EventDate "2020.06.30"]
[EventType "swiss (blitz)"]
[EventRounds "10"]
[EventCountry "USA"]
[SourceTitle "CBM 197 Extra"]
[Source "ChessBase"]
[SourceDate "2020.09.30"]
[SourceVersion "1"]
[SourceVersionDate "2020.09.30"]
[SourceQuality "1"]

1. Nf3 Nf6 2. g3 d5 3. Bg2 c6 4. c4 dxc4 5. O-O g6 6. Na3 Bg7 7. Nxc4 O-O 8. b3
b5 9. Nce5 Bb7 10. Ba3 Nbd7 11. Rc1 Rc8 12. d4 a5 13. Nd3 b4 14. Bb2 Qb6 15.
Nfe5 Rfd8 16. Qc2 Nxe5 17. dxe5 Nd7 18. Rfd1 c5 19. Bxb7 Qxb7 20. e6 fxe6 21.
Bxg7 Kxg7 22. Qb2+ Kg8 23. Rd2 c4 24. bxc4 Qe4 25. c5 Nf6 26. a3 Rd4 27. axb4
axb4 28. c6 Nd5 29. Nc5 Rxd2 30. Qxd2 Qe5 31. Nd3 Qd6 32. Qc2 Nc3 33. Nxb4 Qxb4
34. Qxc3 Qxc3 35. Rxc3 Rc7 36. Kg2 g5 37. Kf3 Kg7 38. Ke4 Kf6 39. f4 gxf4 40.
gxf4 h5 41. h4 Kf7 42. Ke5 1-0

[Event "Titled Tuesday intern op 30th June"]
[Site "Chess.com INT"]
[Date "2020.06.30"]
[Round "4"]
[White "Kezin, Roman"]
[Black "Grischuk, Alexander"]
[Result "1/2-1/2"]
[WhiteElo "2470"]
[BlackElo "2777"]
[PlyCount "63"]
[EventDate "2020.06.30"]
[EventType "swiss (blitz)"]
[EventRounds "10"]
[EventCountry "USA"]
[SourceTitle "CBM 197 Extra"]
[Source "ChessBase"]
[SourceDate "2020.09.30"]
[SourceVersion "1"]
[SourceVersionDate "2020.09.30"]
[SourceQuality "1"]

1. d4 Nf6 2. c4 g6 3. Nc3 Bg7 4. e4 d6 5. Be2 O-O 6. Be3 Nc6 7. d5 Ne5 8. h3 e6
9. Nf3 Nxf3+ 10. Bxf3 Nd7 11. Be2 Nc5 12. O-O Bxc3 13. bxc3 Nxe4 14. Qc2 Nc5
15. dxe6 Bxe6 16. Rad1 Qe7 17. Bf3 Rad8 18. Rfe1 Rfe8 19. Bxc5 dxc5 20. Bxb7
Rxd1 21. Qxd1 Rd8 22. Qf3 Qd6 23. Bd5 Bxd5 24. cxd5 Qxd5 25. Re8+ Kg7 26. Qxd5
Rxd5 27. Ra8 Rd1+ 28. Kh2 Rd2 29. Rxa7 Rxf2 30. Rxc7 Rxa2 31. Rxc5 h5 32. h4
1/2-1/2

[Event "Titled Tuesday intern op 30th June"]
[Site "Chess.com INT"]
[Date "2020.06.30"]
[Round "5"]
[White "Grischuk, Alexander"]
[Black "Bjerre, Jonas Buhl"]
[Result "1/2-1/2"]
[WhiteElo "2777"]
[BlackElo "2549"]
[PlyCount "128"]
[EventDate "2020.06.30"]
[EventType "swiss (blitz)"]
[EventRounds "10"]
[EventCountry "USA"]
[SourceTitle "CBM 197 Extra"]
[Source "ChessBase"]
[SourceDate "2020.09.30"]
[SourceVersion "1"]
[SourceVersionDate "2020.09.30"]
[SourceQuality "1"]

1. Nf3 c5 2. e4 d6 3. Bb5+ Bd7 4. Bxd7+ Nxd7 5. O-O Ngf6 6. Re1 e6 7. c3 Be7 8.
d4 O-O 9. e5 Ne8 10. exd6 Nxd6 11. d5 exd5 12. Qxd5 b6 13. Bg5 Bxg5 14. Qxd6
Bf6 15. Kf1 Re8 16. Na3 Ne5 17. Qxd8 Raxd8 18. Nxe5 Rxe5 19. Nb5 Rxe1+ 20. Kxe1
a6 21. Na3 b5 22. Nc2 Re8+ 23. Kf1 Rd8 24. Ke2 Re8+ 25. Kf3 Rd8 26. a4 g6 27.
axb5 axb5 28. Ke2 b4 29. cxb4 cxb4 30. Nxb4 Bxb2 31. Ra2 Bc3 32. Nd3 Bf6 33. g4
Kg7 34. h3 Re8+ 35. Kf3 Rd8 36. Ra3 Rc8 37. Ra7 Rc3 38. Rd7 Kf8 39. Ke4 Rc4+
40. Ke3 Rc3 41. f4 Ke8 42. Rd5 Ra3 43. g5 Be7 44. Ke4 f6 45. h4 Ra4+ 46. Kf3
fxg5 47. hxg5 Kf7 48. Ne5+ Ke6 49. Rb5 Bd6 50. Nd3 Ra3 51. Ke4 Ra4+ 52. Ke3 Ra3
53. Kd4 Ra4+ 54. Ke3 Ra3 55. Rb7 Bxf4+ 56. Kxf4 Rxd3 57. Rxh7 Rd4+ 58. Kg3 Kf5
59. Rf7+ Kxg5 60. Rf3 Rg4+ 61. Kh3 Rh4+ 62. Kg3 Rg4+ 63. Kh3 Rh4+ 64. Kg3 Rg4+
1/2-1/2